Omicidi italiani - Statistics

Statistiche generali
  • Questo quiz è stato fatto 236 volte
    234 dall'ultimo reset
  • Il punteggio medio è 8 su 24
Statistiche sulle risposte
Anno Hint Risposta % Corretto
1974-1985 Coppiette - Toscana mostro di Firenze
82%
2010 Mapello - Bossetti omicidio di Yara Gambirasio
68%
2010 Zio Michele delitto di Avetrana
55%
2006 Bazzi & Romano strage di Erba
55%
1975 Izzo massacro del Circeo
54%
2002 Il piccolo Samuele omicidio di Cogne
53%
1993 Restivo omicidio di Elisa Claps
52%
2007 Stasi omicidio di Garlasco
47%
1998-2004 Varese 666 Bestie di Satana
36%
1990 Cesaroni - 29 coltellate delitto di via Poma
36%
2009 Spaccio - ecchimosi - carabinieri omicidio di Stefano Cucchi
35%
2007 Perugia omicidio di Meredith Kercher
32%
2011 Parolisi omicidio di Melania Rea
30%
1997 Sapienza omicidio di Marta Russo
29%
2015 Ladispoli - pistola omicidio di Marco Vannini
26%
2001 Parricidio delitto di Novi Ligure
16%
2006 Parma - rapimento omicidio di Tommaso Onofri
16%
2020 Colleferro - pestaggio omicidio di Willy Monteiro Duarte
14%
2007 Area di servizio omicidio di Gabriele Sandri
11%
2005 Bologna omicidio di Federico Aldrovandi
8%
2021 Fiume Adige delitto di Bolzano
7%
2016 Collatino - festino omicidio di Luca Varani
7%
2010 Prostituta - Teramo omicidio di Adele Mazza
3%
2018 Alessi - Firenze omicidio di via Fiume
2%
Nessun quiz corrispondente trovato
Distribuzione punteggi
Percentuale di utenti per punteggio
Percentile per numero di risposta
I tuoi punteggi nel tempo
Non hai fatto questo quiz dall'ultimo reset